<?xml version="1.0" encoding="UTF-8"?>
<record
    xmlns:xsi="http://www.w3.org/2001/XMLSchema-instance"
    xsi:schemaLocation="http://www.loc.gov/MARC21/slim http://www.loc.gov/standards/marcxml/schema/MARC21slim.xsd"
    xmlns="http://www.loc.gov/MARC21/slim">

  <leader>01866nab a2200289 a 4500</leader>
  <controlfield tag="005">20250320141845.0</controlfield>
  <controlfield tag="007">ta</controlfield>
  <controlfield tag="008">250320e2002    dr mn|ped||||||0| 0 spa d</controlfield>
  <datafield tag="040" ind1=" " ind2=" ">
    <subfield code="a">DO-SdBNP</subfield>
    <subfield code="c">BNPHU</subfield>
    <subfield code="e">rda</subfield>
  </datafield>
  <datafield tag="041" ind1=" " ind2=" ">
    <subfield code="h">spa</subfield>
  </datafield>
  <datafield tag="100" ind1="1" ind2=" ">
    <subfield code="a">Hern&#xE1;ndez, &#xC1;ngela,</subfield>
    <subfield code="d">1954-</subfield>
    <subfield code="9">2564</subfield>
    <subfield code="e">autora</subfield>
  </datafield>
  <datafield tag="222" ind1=" " ind2=" ">
    <subfield code="a">Vetas </subfield>
  </datafield>
  <datafield tag="245" ind1=" " ind2=" ">
    <subfield code="a">&#xC1;ngela Hern&#xE1;ndez : </subfield>
    <subfield code="b">de la po&#xE9;tica de la qu&#xED;mica y la f&#xED;sica y de otras po&#xE9;ticas y otras &#xE9;ticas de una escritora consagrada /  </subfield>
    <subfield code="c">&#xC1;ngela Hern&#xE1;ndez, Clodomiro Moquete.</subfield>
  </datafield>
  <datafield tag="264" ind1=" " ind2=" ">
    <subfield code="a">Santo Domingo, Rep&#xFA;blica Dominicana : </subfield>
    <subfield code="b">Clodomiro Moquete, </subfield>
    <subfield code="c">2002. </subfield>
  </datafield>
  <datafield tag="300" ind1=" " ind2=" ">
    <subfield code="a">p&#xE1;ginas 18-25 : </subfield>
    <subfield code="b">ilustraciones, fotograf&#xED;as ; </subfield>
    <subfield code="c">29 cm.</subfield>
  </datafield>
  <datafield tag="310" ind1=" " ind2=" ">
    <subfield code="a">Mensual.</subfield>
  </datafield>
  <datafield tag="336" ind1=" " ind2=" ">
    <subfield code="a">texto </subfield>
    <subfield code="b">txt</subfield>
    <subfield code="2">rdacontent</subfield>
  </datafield>
  <datafield tag="337" ind1=" " ind2=" ">
    <subfield code="a">sin mediaci&#xF3;n </subfield>
    <subfield code="b">n</subfield>
    <subfield code="2">rdamedia</subfield>
  </datafield>
  <datafield tag="338" ind1=" " ind2=" ">
    <subfield code="a">volumen </subfield>
    <subfield code="b">nc</subfield>
    <subfield code="2">rdacarrier</subfield>
  </datafield>
  <datafield tag="362" ind1=" " ind2=" ">
    <subfield code="a">A&#xF1;o.9: no. 61, (sept. 2002).</subfield>
  </datafield>
  <datafield tag="500" ind1=" " ind2=" ">
    <subfield code="a">Es una entrevista a la escritora &#xC1;ngela Hern&#xE1;ndez, realizada por Clodomiro Moquete.</subfield>
  </datafield>
  <datafield tag="520" ind1=" " ind2=" ">
    <subfield code="a">&#xC1;ngela Hern&#xE1;ndez. mi pasi&#xF3;n por la literatura, por todo lo que es el ejercicio de la imaginaci&#xF3;n es de siempre. Creo que lo que fue circunstancial fue estudiar ingenier&#xED;a Quimica. Tal vez porque mi idea de la literatura. desde que empanc&#xE9; a tener contacto con los libros y probablemente todav&#xED;a se mantiene en cierta medida es que yo no asociaba la literatura con un trabajo, un oficio, una profesi&#xF3;n. Para m&#xED; la literatura ten&#xED;a que ver con algo como el esp&#xED;ritu, de la imaginaci&#xF3;n, de la libertad de la persona, de la b&#xFA;squeda, porque incluso cuando uno tiene pocos a&#xF1;os uno tiene un estado, un instinto de b&#xFA;squeda, de interrogaci&#xF3;n...    </subfield>
  </datafield>
  <datafield tag="650" ind1=" " ind2="0">
    <subfield code="a">Entrevistas (Periodismo)</subfield>
    <subfield code="9">11043</subfield>
    <subfield code="v">Publicaci&#xF3;n peri&#xF3;dica</subfield>
    <subfield code="z">Rep&#xFA;blica Dominicana </subfield>
  </datafield>
  <datafield tag="700" ind1=" " ind2=" ">
    <subfield code="a">Moquete, Clodomiro</subfield>
    <subfield code="9">33499</subfield>
    <subfield code="e">entrevista</subfield>
  </datafield>
  <datafield tag="773" ind1="0" ind2=" ">
    <subfield code="0">37028</subfield>
    <subfield code="9">284195</subfield>
    <subfield code="o">37538-9-61-1</subfield>
    <subfield code="t">Vetas :</subfield>
    <subfield code="w">(DO-SdBNP)000037538</subfield>
  </datafield>
  <datafield tag="942" ind1=" " ind2=" ">
    <subfield code="2">ddc</subfield>
    <subfield code="c">ISSUE</subfield>
  </datafield>
  <datafield tag="999" ind1=" " ind2=" ">
    <subfield code="c">58506</subfield>
    <subfield code="d">58506</subfield>
  </datafield>
</record>
